History Quiz

Random History or World Quiz

Communist Countries Quiz Stats

 Plays Quiz Updated Nov 5, 2014

Support Sporcle.
Go Orange.
Score 0/24 Timer 06:00
16 Plays Today
Communist/Marxist Control Country % Correct
Communist 1922-91Soviet Union
99%
Communist 1949-PresentChina
95.9%
Communist 1959-PresentCuba
87.9%
Communist 1948-PresentNorth Korea
87.6%
Communist 1976-PresentVietnam
81.6%
Communist 1945-89Poland
75%
Communist 1947-89Romania
63.5%
Communist 1943-92Yugoslavia
62.3%
Communist 1949-89Hungary
62%
Communist 1975-PresentLaos
61.9%
Communist 1949-90East Germany
61.8%
Communist 1979-81Kampuchea (Cambodia)
60%
Communist/Marxist Control Country % Correct
Communist 1946-90Bulgaria
56.5%
Communist 1948-90Czechoslovakia
56%
Communist 1924-92Mongolia
52.9%
Communist 1946-92Albania
44.3%
Communist 1978-92Afghanistan
38.1%
Communist 1975-92Angola
27.3%
Communist 1987-91Ethiopia
22.4%
Communist 1976-91Somalia
20.5%
Communist 1975-90Mozambique
18.3%
Communist 1974-90South Yemen
16%
Communist 1970-92Republic of the Congo
11.5%
Communist 1975-90Benin
9.3%

You're not logged in!

Compare scores with friends on all Sporcle quizzes.
OR
Log In

From the Vault

NCAA Basketball Preseason #1s (AP)

by tjconn728

The AP's crystal ball doesn't always seem to work quite right.
Remove Ads.
Support Sporcle.
Get the best of Sporcle when you Go Orange. This ad-free experience offers more features, more stats, and more fun while also helping to support Sporcle. Thank you for becoming a member.

Show Comments

Extras

Top Quizzes Today


Score Distribution

Your Account Isn't Verified!

In order to create a playlist on Sporcle, you need to verify the email address you used during registration. Go to your Sporcle Settings to finish the process.

Report this User

Report this user for behavior that violates our Community Guidelines.

Details: